La mora del Congreso Nacional en dictar una ley sobre la insolvencia del consumidor (Registro nro. 30997)
[ vista simple ]
| 000 -LEADER | |
|---|---|
| fixed length control field | 00375 a2200109 4500 |
| 001 - CONTROL NUMBER | |
| control field | ART_58265 |
| 005 - DATE AND TIME OF LATEST TRANSACTION | |
| control field | 20260410161958.0 |
| 008 - FIXED-LENGTH DATA ELEMENTS--GENERAL INFORMATION | |
| fixed length control field | 260409a |
| 100 1# - MAIN ENTRY--PERSONAL NAME | |
| Personal name | Vanney, Carlos F. |
| 245 10 - TITLE STATEMENT | |
| Title | La mora del Congreso Nacional en dictar una ley sobre la insolvencia del consumidor |
| 773 0# - HOST ITEM ENTRY | |
| Title | Temas de derecho comercial |
| Related parts | - Año 9, N° 4 (abr. 2023) |
| Record control number | REV28151 |
No hay ítems disponibles.